000 00957cab a2200193 4500
001 ##L133244
008 060424n2006 000 0 eng u
035 _a(Sirsi) u133244
041 0 _aeng
100 1 _aFox, Owen
245 0 0 _aFamiliar word, different meaning
260 _c2006
490 0 _aContract Journal
_v433(6570) 12 April 2006, 34(1)
520 _aLooks at the introduction of the concept of prevention in NEC3, and assesses the likely implications for employers. The term covers events which neither party can prevent and which were so unlikely to occur that an experienced contractor would not have allowed for them, and which prevent the contractor from completing the works. Also examines what is an unforeseeable event.
590 _aIKA250406
650 2 4 _aSCOTT LITHGOW LTD V SOS DEFENCE
690 _aBUILT ENVIRONMENT-BUILDING CONTRACT FORMS-STANDARD FORMS OF BUILDING CONTRACT-NEW ENGINEERING CONTRACT CONTRACTS
942 _n0
999 _c76885
_d76885